| 000 | 02344nam a2200433 c 4500 | ||
|---|---|---|---|
| 003 | BLK | ||
| 005 | 20180420224237.0 | ||
| 008 | 180408b bul|||||r ||||||| ||bul|| | ||
| 010 | _aKNG00081121000 | ||
| 020 |
_a978-954-730-430-7 _bиздат.: Сиби |
||
| 040 | _aBLK | ||
| 041 |
_aBUL _cBUL |
||
| 072 | 7 |
_2bullib _aЕ _xКартотека "Европейски съюз" |
|
| 080 |
_aОсновни задачи на общественото управление _b351 _x:341.24(4)(094.9) _z351:341.24(4)(094.9) |
||
| 080 |
_aРегионални обединения на държавите. ЕС(правни аспекти), Европейска общност за въглища и стомана и др. _b341.17 _x(4)(094.9) _z341.17(4)(094.9) |
||
| 080 |
_aОсновни задачи на общественото управление _b351 _x:339.923:061.1ЕС(094.9) _z351:339.923:061.1ЕС(094.9) |
||
| 700 | 1 |
_aКацарски, Александър _eвъвед. и комент. _9297979 |
|
| 139 |
_aЕвропейски обединения и дружества _bE 20 |
||
| 245 | 1 | 0 |
_aЕвропейски обединения и дружества _bНаднационални форми на сдружаване в правато на Европейския съюз _cвъвед. и комент. Александър Кацарски. |
| 257 | _aBGR | ||
| 260 |
_аСофия _bСиби _c2007 _fСофия : Симолини |
||
| 300 |
_a284 с. _c20 см |
||
| 380 | _a3 | ||
| 490 | 1 | _aПоредица Джобни издания | |
| 500 | _aИнформ. към 20 май 2007 г. - Съдържа и Конституция на Република България : Извлечения ; Информационно приложение. | ||
| 650 | 4 |
_aЕвропейски съюз - договори _9279545 |
|
| 650 | 4 |
_aЕвропейски съюз - правни проблеми _9248178 |
|
| 651 | 4 |
_aЕвропейски съюз _9258188 |
|
| 653 | _aсдружения | ||
| 653 | _aобединения | ||
| 653 | _aдружества | ||
| 653 | _aЕвропейски съюз | ||
| 659 | _aЕ | ||
| 852 | _aЦб 238119 | ||
| 856 | 4 |
_qpdf _u |
|
| 856 | 4 |
_qpdf _u |
|
| 942 |
_cKNG _n0 |
||
| 944 |
_aCR _c06.02.2008 _lф / _kНаталия_Медовщикова |
||
| 944 |
_aED _c12.01.2016 _lф / _kЛюдмила_Стоянова |
||
| 999 |
_c76685 _d76685 |
||